120 Jahre Wichern Diakonie in Frankfurt (Oder). (Titelsatznr. 372253)
[ MARC ]
| 000 -Satzkennung | |
|---|---|
| Kontrollfeld mit fester Länge | 00511nab a2200181 4500 |
| 001 - Kontrollnummer | |
| Kontrollfeld | 238538 |
| 003 - Kontrollnummer Identifier | |
| Kontrollfeld | OSt |
| 005 - Datum und Zeit der letzten Transaktion | |
| Kontrollfeld | 20230224140631.0 |
| 007 - Feld mit fester Länge zur physischen Beschreibung - Allgemeine Information | |
| Kontrollfeld mit fester Länge | tu |
| 008 - Feld mit fester Länge zur physischen Beschreibung - Allgemeine Angaben | |
| Kontrollfeld mit fester Länge | 180201s2018||||||| |
| 040 ## - Katalogisierungsquelle | |
| Original-Katalogisierungsstelle | DE-2950 |
| Übertragungsstelle | DE-2950 |
| 245 00 - Titel | |
| Titel | 120 Jahre Wichern Diakonie in Frankfurt (Oder). |
| Zusatz zum Titel | Vom Fürsorgeheim für Mädchen bis heute / |
| Verfasserangabe etc. | René Matschkowiak |
| 264 ## - Produktion, Veröffentlichung, Distribution, Herstellung und Urheberrechtsvermerk | |
| Datum der Herstellung, der Veröffentlichung, des Vertriebs oder des Urheberschutzvermerks | 2023 |
| 653 ## - Indexierungsterm - Nicht normiert | |
| Nicht-normierter Term | Frankfurt (Oder) |
| 653 ## - Indexierungsterm - Nicht normiert | |
| Nicht-normierter Term | Wichern Diakonie |
| 773 0# - Übergeordnete Einheit | |
| Verknüpfungsangaben | Februar /März, 01.02. - 31.03.2023, S. 19 |
| Titel | Gemeindebrief |
| 942 ## - Zusätzliche Felder (Koha) | |
| Klassifikation oder Aufstellungssystematik | Andere/Generische Klassifikation |
| Koha-Medientyp | Aufsätze |
| Ausgeschieden | Verloren | Klassifikation oder Aufstellungssystematik | Beschädigt | Nicht entleihbar | Heimatbibliothek | Aufenthaltsbibliothek | Aufstellungsort | Erwerbungsdatum | Anzahl Ausleihen | Letzte Aktivität | Preis gültig von | Koha-Medientyp |
|---|---|---|---|---|---|---|---|---|---|---|---|---|
| Andere/Generische Klassifikation | Stadtarchiv Frankfurt (Oder) | Archivbibliothek | Stadtarchiv Frankfurt (Oder) | Archivbibliothek | Magazin | 24/02/2023 | 24/02/2023 | 24/02/2023 | Aufsätze |